000 01392nam a2200253 i 4500
001 183968
003 ES-MaACL
005 20251207122510.0
008 150121s1907 fr |||| | fre d
245 0 0 _aPatrologia Orientalis.
_nTomus secundus /
_c[publié par] R. Graffin, F. Nau.
260 _aParis :
_bFirmin-Didot et Cie,
_c1907.
300 _a688 p. ;
_c28 cm.
505 8 _aContiene: I. Vie de Sévère, par Zacharie le scholastique / publiée, traduite et annotée par M.-A Kugener - II, Les évangiles des douze apôtres et de saint Barthélemy / édités et traduits par le Dr. E. Revillout - III. Vie de Sévère par Jean, supérieur du monastère de Beith Aphtonia / publiée et traduite par M.A Kugener - IV. Les versions grecques des actes des martyres persans sous Sapor II / textes et traductions publiées par H. Delehaye S.J. - V. Le livre de Job / publié et traduit Francisco Maria Esteves Pereira
650 _aPatrística.
_915895
650 0 7 _aLiteratura cristiana primitiva
_2embne
_914529
700 1 _aKugener, Marc-Antoine (
_d1873-1941)
_9156164
700 1 _aRevillout, Eugéne.
_996448
700 1 _aDelehaye, Hippolite.
_943362
700 1 _aPereira, Francisco María Esteves,
_d1854-1924
_9150790
700 1 _aGraffin, René,
_d1858-1941
_9156163
700 1 _aNau, François.
_985006
852 _aES-MaACL
_jG-691
999 _c183968
_d183968